| 000 | 01481nam0a2200325 4500 | ||
|---|---|---|---|
| 001 | RU\NLR\bibl\1104779 | ||
| 005 | 20260518125839.0 | ||
| 010 |
_a978-5-94771-054-0 _9500 |
||
| 021 |
_aRU _b2007-35624 _91889 |
||
| 035 | _a(NLR Aleph) 001091848 | ||
| 090 |
_a1123303 _c1123303 |
||
| 100 | _a20070704d2007 k y0rusy50 ca | ||
| 101 | 0 | _arus | |
| 102 | _aRU | ||
| 105 | _aa ||||||||| | ||
| 200 | 1 |
_aПроблемы и перспективы развития учета и контроля в заготовительных организациях _fЗубарева Е.В., Симонова Н.Н. |
|
| 210 |
_aМосква _cРоссийский университет кооперации _d2007 |
||
| 215 |
_a163 с. _cил. _d20 |
||
| 320 | _aБиблиогр.: с. 154-162 (163 назв.) | ||
| 606 | 1 |
_aЗаготовительные организации потребительской кооперации _xБухгалтерский учет _91253127 _3RU\NLR\auth\66513324 |
|
| 686 | _aУ052.9(2)232 | ||
| 686 | _aУ052.9(2)241.1 | ||
| 700 | 1 |
_4070 _7ca _8rus _aЗубарева _bЕ. В. _gЕлена Васильевна _937727 _3RU\NLR\auth\7754795 |
|
| 701 | 1 |
_4070 _aСимонова _bН. Н. _cд-р психол. наук, канд. биол. наук _gНаталья Николаевна _92709383 _3RU\NLR\AUTH\770293720 |
|
| 801 | 0 |
_aRU _bNLR _c20070704 _gRCR |
|
| 801 | 1 |
_aRU _bNLR _c20070704 |
|
| 942 | _cBOOK | ||
| 980 | _aNB | ||